| 000 | 00489nam a2200181Ia 4500 | ||
|---|---|---|---|
| 005 | 20250923144509.0 | ||
| 008 | 008 250917s9999 xx 000 0 eng d | ||
| 037 | _aTextual | ||
| 040 |
_aDSWL _beng _cDSWL |
||
| 041 |
_aeng _2eng |
||
| 084 | _qDSWL | ||
| 100 |
_aPossony, Stefan.T. _9825487 |
||
| 245 | 0 |
_aCentury of conflict _cby Stefan.T. Possony |
|
| 260 |
_aChicago _bHenry Regnery _c1953 |
||
| 300 | _axxiv,439p. | ||
| 942 | _cTEXL | ||
| 999 |
_c1439664 _d1439664 |
||